| 000 | 00850nam a2200205Ia 4500 | ||
|---|---|---|---|
| 003 | LDD | ||
| 005 | 20231214095703.0 | ||
| 008 | 190117s9999 xx 000 0 und d | ||
| 020 |
_a9789385054570 _c₹240 |
||
| 040 | _cLDD | ||
| 041 | _ahi | ||
| 082 | _a8H1.71 श्री6801क | ||
| 100 |
_aश्रीवास्तव, जितेन्द्र (Srivastava, Jitendra) _919036 |
||
| 245 | 0 |
_aकवि ने कहा _b चुनी हुई कविताएं ((Kavi ne kaha -Chuni hui kavitayen)) _cजितेन्द्र श्रीवास्तव (Jitendra Srivastava) |
|
| 260 |
_aदिल्ली _bकिताबघर प्रकाशन _c2016 |
||
| 300 | _a136p. | ||
| 901 | _aKGP | ||
| 904 | _aReqst by : Jitendra Kumar Srivasta | ||
| 942 |
_2ddc _cH |
||
| 999 |
_c172305 _d172305 |
||